Miesto a funkcie verejného sektoru v štruktúre homocentrických aktivít terciárnej sféry úvod k súboru prác habilitačného pokračovania

Gespeichert in:
Bibliographische Detailangaben
1. Verfasser: Jakúbek, Ivan
Format: Buch
Sprache:Slowakisch
Veröffentlicht: Bratislava 1992
Schlagworte:
Tags: Tag hinzufügen
Keine Tags, Fügen Sie das erste Tag hinzu!

MARC

LEADER 00000nam a2200000 4500
001 c110825
005 20221123101801.5
041 0 |a slo 
044 |a SK 
245 1 0 |a Miesto a funkcie verejného sektoru v štruktúre homocentrických aktivít terciárnej sféry  |b úvod k súboru prác habilitačného pokračovania  |c Ivan Jakúbek 
264 1 |a Bratislava  |c 1992 
300 |a 33 s. 
610 2 0 |a správa verejná 
610 2 0 |a sféra terciárna 
610 2 0 |a výskum 
610 2 0 |a prognostika 
610 2 0 |a diagnostikácia 
610 2 0 |a rozvoj hospodársky 
610 2 0 |a vývoj hospodársky 
100 1 |a Jakúbek, Ivan